La interpretación y los apotegmas jurídico-lógicos a la luz del nuevo título preliminar del Código civil (Record no. 141293)

MARC details
000 -LEADER
campo de control de longitud fija 01042nam a2200229 i 4500
001 - NÚMERO DE CONTROL
campo de control 141293
003 - IDENTIFICADOR DE NÚMERO DE CONTROL
campo de control ES-MaACL
005 - FECHA Y HORA DE LA ÚLTIMA TRANSACCIÓN
campo de control 20260127062547.0
007 - CAMPO FIJO DE DESCRIPCIÓN FÍSICA--INFORMACIÓN GENERAL
campo de control de longitud fija t|
008 - DATOS DE LONGITUD FIJA--INFORMACIÓN GENERAL
campo de control de longitud fija 070920s1975 sp ||||1| spa d
080 ## - NÚMERO DE LA CLASIFICACIÓN DECIMAL UNIVERSAL
Número de la Clasificación Decimal Universal 340.132.6(042)
100 1# - ENTRADA PRINCIPAL--NOMBRE DE PERSONA
Nombre de persona Villar Palasí, José Luis.
9 (RLIN) 115097
245 13 - MENCIÓN DEL TÍTULO
Título La interpretación y los apotegmas jurídico-lógicos a la luz del nuevo título preliminar del Código civil
Resto del título : discurso leído en su recepción en la Real Academia de Jurisprudencia y Legislación, el 10 de febrero de 1975 /
Mención de responsabilidad, etc. por José Luis Villar Palasí y contestación de Eduardo García-Enterría y Martínez-Carande.
260 ## - PUBLICACIÓN, DISTRIBUCIÓN, ETC.
Lugar de publicación, distribución, etc. Madrid :
Nombre del editor, distribuidor, etc. [s.n.],
Fecha de publicación, distribución, etc. 1975.
300 ## - DESCRIPCIÓN FÍSICA
Extensión XVI, 278 p. ;
Dimensiones 24 cm.
594 ## - Nota al título y mención de responsabilidad
Nota al título y mención de responsabilidad Precede al tít.: Real Academia de Jurisprudencia y Legislación.
650 14 - PUNTO DE ACCESO ADICIONAL DE MATERIA--TÉRMINO DE MATERIA
Término de materia o nombre geográfico como elemento de entrada Derecho-
Subdivisión general Interpretación
9 (RLIN) 11626
700 1# - ENTRADA AGREGADA--NOMBRE PERSONAL
Nombre de persona García de Enterría, Eduardo.
9 (RLIN) 54425
700 ## - ENTRADA AGREGADA--NOMBRE PERSONAL
Nombre de persona Real Academia de Jurisprudencia y Legislación de España
9 (RLIN) 217612
852 ## - LOCALIZACIÓN
Ubicación ES-MaACL
Número de control de estantería E-7236
Holdings
Estatus retirado Estado de pérdida Estado de daño No para préstamo Biblioteca de origen Biblioteca actual Ubicación en estantería Fecha de adquisición Fuente de adquisición Total de préstamos Signatura topográfica completa Código de barras Visto por última vez Precio de reemplazo Tipo de ítem Koha
        Biblioteca del Ateneo de Madrid Biblioteca del Ateneo de Madrid Depósito 2 17/01/2008     E-7236 1147019 23/02/2023 23/02/2023 Libro impreso